Statistics for Станции Московского метрополитена

Click here to take the quiz!

General Stats

  • This quiz has been taken 1 329 times
    (1 321 since last reset)
  • The average score is 103 of 248

Answer Stats

% Correct
Сокол
77%
Арбатская
74%
Киевская
71%
Китай-город
71%
ВДНХ
70%
Таганская
70%
Рижская
67%
Сокольники
66%
Охотный Ряд
65%
Люблино
63%
Белорусская
63%
Пушкинская
62%
Фили
60%
Библиотека имени Ленина
60%
Динамо
59%
Курская
59%
Университет
58%
Лубянка
57%
Тверская
57%
Парк культуры
57%
ЦСКА
57%
Выхино
56%
Серпуховская
56%
Комсомольская
56%
Краснопресненская
55%
Павелецкая
55%
Театральная
55%
Деловой центр
54%
Парк Победы
54%
Аэропорт
54%
Спортивная
54%
Маяковская
53%
Калужская
53%
Октябрьская
52%
Смоленская
52%
Проспект Мира
52%
Воробьёвы горы
52%
Чеховская
52%
Тимирязевская
51%
Чистые пруды
51%
Третьяковская
51%
Юго-Западная
51%
Автозаводская
50%
Дмитровская
50%
Фрунзенская
50%
Улица 1905 года
50%
Алма-Атинская
49%
Речной вокзал
49%
Медведково
48%
Бабушкинская
48%
Спартак
48%
Баррикадная
47%
Площадь Революции
47%
Алтуфьево
47%
Красные Ворота
47%
Ботанический сад
46%
Бауманская
46%
Бульвар Рокоссовского
46%
Проспект Вернадского
46%
Царицыно
46%
Митино
46%
Добрынинская
45%
Кузнецкий Мост
45%
Ховрино
45%
Бульвар Дмитрия Донского
45%
Марьина Роща
45%
Цветной бульвар
45%
Электрозаводская
45%
Тульская
45%
Менделеевская
44%
Кунцевская
44%
Солнцево
44%
Александровский сад
44%
Технопарк
44%
Щёлковская
44%
Измайловская
44%
Новокузнецкая
43%
Пражская
43%
Тургеневская
43%
Новогиреево
43%
Новослободская
43%
Котельники
43%
Ясенево
43%
Чертановская
43%
Марьино
43%
Авиамоторная
43%
Текстильщики
43%
Ленинский проспект
42%
Водный стадион
42%
Черкизовская
42%
Кропоткинская
42%
Коммунарка
42%
Саларьево
42%
Алексеевская
42%
Орехово
42%
Савёловская
42%
Строгино
42%
Тёплый Стан
42%
Коломенская
41%
Каширская
41%
Домодедовская
41%
Пролетарская
41%
Полянка
41%
Римская
41%
Новокосино
41%
Боровицкая
40%
Планерная
40%
Некрасовка
40%
Войковская
40%
Достоевская
40%
Тушинская
39%
Молодёжная
39%
Академическая
39%
Беговая
39%
Площадь Ильича
39%
Марксистская
39%
Трубная
39%
Рязанский проспект
38%
Бибирево
38%
Петровско-Разумовская
38%
Партизанская
38%
Перово
38%
Чкаловская
38%
Жулебино
38%
Южная
38%
Кузьминки
38%
Нагатинская
38%
Минская
38%
Волгоградский проспект
38%
Красногвардейская
38%
Кантемировская
38%
Шаболовская
38%
Красносельская
37%
Щукинская
37%
Тропарёво
37%
Зябликово
37%
Новоясеневская
37%
Полежаевская
37%
Беляево
37%
Шоссе Энтузиастов
37%
Каховская
36%
Свиблово
36%
Пятницкое шоссе
36%
Печатники
36%
Аннино
35%
Славянский бульвар
35%
Семёновская
35%
Мякинино
35%
Новые Черёмушки
35%
Сухаревская
35%
Выставочная
35%
Лермонтовский проспект
35%
Коньково
34%
Крылатское
34%
Сретенский бульвар
34%
Преображенская площадь
34%
Крестьянская застава
34%
Кутузовская
33%
Нагорная
33%
Филатов Луг
33%
Севастопольская
33%
Филёвский парк
32%
Дубровка
32%
Профсоюзная
32%
Беломорская
32%
Отрадное
32%
Братиславская
32%
Октябрьское Поле
32%
Студенческая
31%
Первомайская
31%
Петровский парк
31%
Сходненская
31%
Румянцево
31%
Багратионовская
31%
Лефортово
31%
Зюзино
31%
Международная
31%
Хорошёвская
30%
Бунинская аллея
30%
Селигерская
30%
Владыкино
30%
Битцевский парк
30%
Улица Академика Янгеля
30%
Нахимовский проспект
29%
Раменки
29%
Нижегородская
28%
Мичуринский проспект
28%
Бутырская
28%
Борисово
27%
Юго-Восточная
27%
Шелепиха
27%
Ломоносовский проспект
27%
Волоколамская
27%
Волжская
27%
Пионерская
27%
Рассказовка
27%
Окружная
27%
Кожуховская
26%
Ольховая
25%
Фонвизинская
25%
Косино
25%
Озёрная
25%
Аминьевская
24%
Шипиловская
24%
Окская
23%
Новопеределкино
23%
Прокшино
23%
Верхние Лихоборы
22%
Новаторская
22%
Народное Ополчение
22%
Мнёвники
22%
Говорово
22%
Лесопарковая
22%
Воронцовская
21%
Лухмановская
21%
Терехово
20%
Улица Старокачаловская
20%
Бульвар Адмирала Ушакова
19%
Боровское шоссе
19%
Давыдково
19%
Стахановская
18%
Улица Дмитриевского
18%
Улица Скобелевская
17%
Улица Горчакова
16%

Score Distribution

Percentile by Number Answered

Percent of People with Each Score

Your Score History

You have not taken this quiz since the last reset